|
|
|
|
| LEADER |
00000nam0a2200000 4500 |
| 001 |
594525 |
| 005 |
20231101131819.0 |
| 029 |
0 |
0 |
|a RU
|b 5-ХП-85
|f ОНИИТЭХим
|
| 035 |
|
|
|a (RuTPU)RU\TPU\tpu\10621
|
| 035 |
|
|
|a RU\TPU\tpu\10619
|
| 090 |
|
|
|a 594525
|
| 100 |
|
|
|a 20021220d1984 k y0rusy50 ca
|
| 101 |
0 |
|
|a rus
|
| 102 |
|
|
|a RU
|
| 105 |
|
|
|a y z 000zy
|
| 200 |
1 |
|
|a Простые полиэфиры и сополиэфиры на основе эпоксипроизводных карбазолов
|f Н. М. Ровкина [и др.]
|
| 210 |
|
|
|a Томск
|d 1984
|
| 215 |
|
|
|a 10 с.
|
| 320 |
|
|
|a Библиогр.: 5 назв. - Деп. в ОНИИТЭХим, г. Черкассы, 02.01.85, № 5-ХП-85.
|
| 610 |
1 |
|
|a труды учёных ТПУ
|
| 701 |
|
1 |
|a Ровкина
|b Н. М.
|c кандидат химических наук
|c ИХ и ХК
|f 1938-
|g Нэля Михайловна
|2 stltpush
|3 (RuTPU)RU\TPU\pers\4904
|
| 701 |
|
1 |
|a Лопатинский
|b В. П.
|c доктор технических наук
|c ХТФ
|f 1924-
|g Вадим Петрович
|2 tpush
|3 (RuTPU)RU\TPU\pers\3199
|
| 701 |
|
1 |
|a Белянина
|b Л. П.
|c ИХ и ХК
|f 1949-
|g Людмила Петровна
|2 stltpush
|3 (RuTPU)RU\TPU\pers\7329
|
| 701 |
|
1 |
|a Ананьева
|b Л. И.
|c ИХ и ХК
|f 1963-
|g Людмила Ивановна
|2 stltpush
|3 (RuTPU)RU\TPU\pers\7330
|
| 712 |
0 |
0 |
|a Томский политехнический институт
|
| 801 |
|
2 |
|a RU
|b 63413507
|c 20100220
|g PSBO
|
| 942 |
|
|
|c BK
|